000 00417nam a2200145Ia 4500
008 100204s9999 xx 000 0 und d
082 _b14935
100 _aखेर भा. द..
245 _aआनंदभवन
260 _b"निरंजन प्रकाशन , पुणे 4"
_c1991 3
300 _a454
630 _aआनंदभवन
730 _aआनंदभवन
942 _cBOOK
999 _c459366
_d459363